Представление документа в формате RUSMARC

ПолеНазваниеЗначение
  Тип записи a
  Библиографический уровень m
001 Контрольный номер b1ab806a1619450d8d1b8dd96a35a963
005 Дата корректировки 20140526192812.8
200 Заглавие и сведения об ответственности __
a Заглавие Материальная ответственность работника за ущерб,причиненный организации
f Первые сведения об ответственности Рогалева Г.А.
210 Выходные данные __
a Место издания Москва
c Издательство ЗАО "Бухгалтерский бюллетень"
d Дата издания 1997
215 Физическое описание __
a Объем 87
225 Серия __
a Серия Серия "Библиотека журнала "Трудовое право")
610 Ключевые слова __
a Ключевые слова Право
610 Ключевые слова __
a Ключевые слова Гражданское право
686 Индексы других классификаций __
a Классификационный индекс 67
2 Код системы rubbk
686 Индексы других классификаций __
a Классификационный индекс 67.627.5
2 Код системы rubbk
700 Автор __
a Фамилия Рогалева Г.А.
801 Источник записи _0
a Страна RU
b Организация РУК
c Дата составления 19980318
g Правила каталогизации PSBO
801 Источник записи _1
a Страна RU
b Организация РУК
c Дата составления 19980318
g Правила каталогизации PSBO
852 Данные о местонахождении __
i Авторский знак Р-59
j Шифр хранения 67.627.5
901 Тип документа __
t Тип документа m
938 Служебная информация __
a Название организации Головной вуз
b Имя БД BOOK
c Название АИБС АИБС ИРБИС